00771cam a22001693i 4500001000700000003000900007005001700016008004100033040003300074100001900107245013800126260007400264300002900338651007700367752003300444852012400477155231ES-MaACL20250730153548.0021210m18551857xxka |||| | eng d aEUS bspa cEUS dCCPB | CAM1 aHelps, Arthur.14aThe Spanish Conquest in America b: and its relation to the history of slavery and to the covernment of colonies / cby Arthur Helps. aLondon : bJohn W. Parker and Son, c1855-1857 (fSavill and Edwards) a3 v. : bmap. ; c23 cm. 4aAmérica española-xHistoria-y1492-1600 (Descubrimiento y conquista) aGran Bretaña - dLondrés aES-MaACLjG-13180-13182 z-- Enc. ed. en tela z-- El último t. lleva al final 8 p. con el catálogo de la editorial